01527cam a2200361 i 450000100090000000300090000900500170001800800410003502000290007604000430010508200200014824500730016826400610024126400100030230000430031233600260035533700280038133800270040950400510043652001750048765000460066265000270070865000290073565300250076465500240078970000520081370000410086570000420090670000370094894200120098599900170099795201510101418177320EG-ScBUE20250518094634.0140605t2015 njua f b 001 0 eng d a9781118775523 (hardback) aEG-ScBUEbengerdacEG-ScBUEdEG-ScBUE04a532.58bINT22200aIntroductory transport phenomena /cR. Byron Bird [and three others] 1aHoboken, New Jersey : bJohn Wiley & Sons, INC.,c[2015] 4cc2015 ax, 769 pages :billustrations ;c26 cm 2rdacontentatextbtxt aunmediated2rdamediabn avolumebnc2rdacarrier aIncludes bibliographical references and index. a"The first seven chapters of this book deal with the flow of viscous fluids of molecular weight less than about 1000 g/g-mol, such as air, water, benzene, and glycerin"-- 7aViscous flowxMathematical models.2BUEsh 7aFluid dynamics.2BUEsh 7aTransport theory.2BUEsh bENGGENcNovember2015 vReading book9342321 aBird, R. Byronq(Robert Byron),d1924-eauthor.1 aStewart, Warren E.,d1925-,eauthor.1 aLightfoot, Edwin N.,d1925-,eauthor.1 aKlingenberg, Daniel J.,eauthor. 2ddccBB c21005d20977 00102ddc40708BaccahaMAINbMAINc1STd2015-11-01ePurchaseg1670.00l1m1o532.58 INTp000031261r2025-07-15 00:00:00s2016-11-10v2088.00yBB